[Event "FIDE World Ch (w)"]
[Site "Ekaterinburg URS"]
[Date "2006.03.14"]
[Round "2.2"]
[White "Peng, Zhaoqin"]
[Black "Cramling, Pia"]
[Result "1/2-1/2"]
[WhiteElo "2407"]
[BlackElo "2515"]
[EventDate "2006.03.11"]
[PlyCount "94"]

1.Nf3 d6 2.d4 Bg4 3.Nbd2 e6 4.e4 Nf6 5.Be2 Bh5 6.O-O Be7 7.c4 c6 8.b3 Bg6 
9.Bd3 O-O 10.Qc2 Na6 11.a3 c5 12.d5 Nc7 13.Bb2 Nh5 14.g3 Bf6 15.Bxf6 Qxf6 
16.Rae1 exd5 17.exd5 Rae8 18.Kg2 a5 19.Rxe8 Rxe8 20.Bxg6 hxg6 21.a4 Na6 
22.Qb1 Nb4 23.Re1 Rxe1 24.Qxe1 Kf8 25.Ne4 Qe7 26.Nc3 Nf6 27.Qxe7+ Kxe7 28.
h3 Nd3 29.Nd2 g5 30.Kf3 Nh7 31.Ke3 Nb4 32.Nb5 Nf6 33.Ke2 Na2 34.Kf3 Ne8 
35.Ke3 g6 36.Kd3 Nc1+ 37.Kc2 Na2 38.Ne4 f6 39.Kd2 Nb4 40.Na7 Na6 41.Nb5 
Nb8 42.Na7 Kd7 43.Nb5 Na6 44.Ke3 Ke7 45.Kd2 Kd7 46.Ke3 Nb8 47.Kd2 Ke7 
1/2-1/2

[Event "FIDE World Ch (w)"]
[Site "Ekaterinburg URS"]
[Date "2006.03.14"]
[Round "2.4"]
[White "Cmilyte, Viktorija"]
[Black "Ruan Lufei"]
[Result "1-0"]
[WhiteElo "2475"]
[BlackElo "2361"]
[EventDate "2006.03.11"]
[PlyCount "103"]

1.d4 d5 2.c4 c6 3.Nc3 Nf6 4.Nf3 dxc4 5.a4 Bf5 6.Ne5 Nbd7 7.Nxc4 Nb6 8.Ne5 
a5 9.Bg5 h6 10.Bh4 Nbd5 11.Qb3 Qb6 12.Qxb6 Nxb6 13.f3 Nfd7 14.e4 Nxe5 15.
dxe5 Be6 16.f4 Bc4 17.Bxc4 Nxc4 18.O-O-O g5 19.fxg5 hxg5 20.Bxg5 Bh6 21.
Bxh6 Rxh6 22.h4 Nxe5 23.Ne2 f6 24.b3 Rg6 25.Nf4 Rg3 26.Kc2 Kf7 27.Rh3 Rxh3
28.gxh3 Rh8 29.h5 Ke8 30.Ne6 Kf7 31.Nd8+ Kg7 32.Nxb7 Ra8 33.Kc3 Kh6 34.Rg1
Nd7 35.Kc4 Ra7 36.Nd8 Ne5+ 37.Kc5 Rd7 38.Ne6 Kxh5 39.Kb6 Kh4 40.Kxa5 Rb7 
41.Nc5 Rb8 42.Ka6 Kxh3 43.Nb7 Nd7 44.Ka7 Rf8 45.Rd1 Ne5 46.a5 e6 47.a6 f5 
48.exf5 exf5 49.Kb6 f4 50.a7 f3 51.Nd8 Nd7+ 52.Kc7 1-0

[Event "FIDE World Ch (w)"]
[Site "Ekaterinburg URS"]
[Date "2006.03.14"]
[Round "2.5"]
[White "Ruan Lufei"]
[Black "Cmilyte, Viktorija"]
[Result "0-1"]
[WhiteElo "2361"]
[BlackElo "2475"]
[EventDate "2006.03.11"]
[PlyCount "96"]

1.e4 c5 2.Nf3 Nc6 3.d4 cxd4 4.Nxd4 Nf6 5.Nc3 e5 6.Ndb5 d6 7.Bg5 a6 8.Na3 
b5 9.Bxf6 gxf6 10.Nd5 f5 11.g3 fxe4 12.Bg2 Be6 13.Bxe4 Bg7 14.Qh5 Rc8 15.
Rd1 Ne7 16.c3 Rc5 17.Nb4 Qb6 18.Qg5 Kf8 19.Qe3 a5 20.Nd3 Rc6 21.Qxb6 Rxb6 
22.Nc5 Bf6 23.Nxe6+ fxe6 24.c4 b4 25.c5 dxc5 26.Nc4 Ra6 27.Rd7 Ke8 28.Rc7 
Kf7 29.Bb7 Ra7 30.Nd6+ Kg7 31.Nb5 Rxb7 32.Rxb7 e4 33.Ke2 Kg6 34.Rc1 Nd5 
35.Rxc5 Bxb2 36.Rb6 Nxb6 37.Rc6 Nd5 38.Rxe6+ Kf5 39.Ra6 Nc3+ 40.Nxc3 bxc3 
41.Rxa5+ Ke6 42.Kd1 Rd8+ 43.Kc2 Rd2+ 44.Kb3 Rxf2 45.Ra8 Ke5 46.a4 Ba1 47.
a5 Rb2+ 48.Ka3 Rb5 0-1

[Event "FIDE World Ch (w)"]
[Site "Ekaterinburg URS"]
[Date "2006.03.14"]
[Round "2.2"]
[White "Houska, Jovanka"]
[Black "Qin Kanying"]
[Result "1/2-1/2"]
[WhiteElo "2355"]
[BlackElo "2469"]
[EventDate "2006.03.11"]
[PlyCount "92"]

1.e4 e5 2.Nf3 Nc6 3.d4 exd4 4.Nxd4 Bc5 5.Nxc6 Qf6 6.Qd2 dxc6 7.Nc3 Bd4 8.
Bd3 Ne7 9.O-O Ng6 10.Ne2 Bb6 11.Nf4 Ne5 12.Be2 O-O 13.Qc3 Re8 14.Kh1 Nd7 
15.Qxf6 Nxf6 16.f3 a5 17.a4 Bc5 18.b3 Bd6 19.Nd3 Nd7 20.Bb2 f6 21.Rad1 Ne5
22.Nxe5 fxe5 23.Bc4+ Be6 24.Bxe6+ Rxe6 25.g3 Rf8 26.Kg2 g6 27.Bc3 b6 28.
Rd3 Kf7 29.Bd2 Ke8 30.Be3 Be7 31.Rfd1 Rf7 32.Rd7 Bd6 33.Rxf7 Kxf7 34.c4 
Ke8 35.h4 Bc5 36.Bxc5 bxc5 37.Kf2 Ke7 38.Ke3 Rd6 39.Rg1 Rd8 40.Rb1 Ke6 41.
f4 Rb8 42.Rb2 h5 43.Rb1 Kf6 44.Rb2 Ke6 45.Rb1 Kf6 46.Rb2 Ke6 1/2-1/2

[Event "FIDE World Ch (w)"]
[Site "Ekaterinburg URS"]
[Date "2006.03.14"]
[Round "2.4"]
[White "Houska, Jovanka"]
[Black "Qin Kanying"]
[Result "0-1"]
[WhiteElo "2355"]
[BlackElo "2469"]
[EventDate "2006.03.11"]
[PlyCount "82"]

1.e4 e5 2.Nf3 Nc6 3.d4 exd4 4.Nxd4 Bc5 5.Nxc6 Qf6 6.Qd2 dxc6 7.Nc3 Bd4 8.
Bd3 Ne7 9.O-O Ng6 10.Qe1 Ne5 11.Be2 O-O 12.Kh1 Ng4 13.Bxg4 Bxg4 14.Be3 
Bxc3 15.bxc3 Qe7 16.f3 Be6 17.Qg3 f6 18.Rfd1 Rad8 19.a4 a5 20.h3 Rxd1+ 21.
Rxd1 Rd8 22.Rxd8+ Qxd8 23.e5 f5 24.Kh2 b6 25.h4 Qe8 26.Qf4 c5 27.Bf2 h6 
28.Bg3 c4 29.Qd4 Kh7 30.Bf4 Qxa4 31.Qd8 Qc6 32.Bc1 Qd7 33.Qf8 Qd5 34.Bf4 
Qd7 35.Bc1 a4 36.Qb4 Qd8 37.Kh3 f4+ 38.g4 Qd1 39.Bxf4 Qxf3+ 40.Bg3 Qxg4+ 
41.Kg2 Bd5+ 0-1

[Event "FIDE World Ch (w)"]
[Site "Ekaterinburg URS"]
[Date "2006.03.14"]
[Round "2.2"]
[White "Galliamova, Alisa"]
[Black "Lujan, Carolina"]
[Result "1-0"]
[WhiteElo "2467"]
[BlackElo "2346"]
[EventDate "2006.03.11"]
[PlyCount "79"]

1.d4 Nf6 2.c4 g6 3.Nc3 d5 4.cxd5 Nxd5 5.Bd2 Bg7 6.e4 Nb6 7.Be3 O-O 8.Be2 
Nc6 9.Nf3 Bg4 10.d5 Bxf3 11.gxf3 Na5 12.Bd4 Qd6 13.Bxg7 Kxg7 14.Rc1 c6 15.
Qd2 Qf6 16.Nd1 cxd5 17.Qxa5 Qg5 18.Ne3 Rfd8 19.Rd1 Qf6 20.Nxd5 Nxd5 21.
Rxd5 Rxd5 22.Qxd5 Qxb2 23.Qd2 Qb1+ 24.Bd1 Qb5 25.h4 h5 26.f4 Rc8 27.Rh3 
Rc4 28.Re3 Qb1 29.f3 Qa1 30.Rb3 Qf6 31.Qb2 Rd4 32.Ke2 e5 33.fxe5 Qxe5 34.
Ke3 Rd5 35.Qxe5+ Rxe5 36.Rxb7 g5 37.hxg5 Rxg5 38.Bb3 h4 39.Rxf7+ Kg6 40.
Rf4 1-0

[Event "FIDE World Ch (w)"]
[Site "Ekaterinburg URS"]
[Date "2006.03.14"]
[Round "2.2"]
[White "Kursova, Maria"]
[Black "Kovalevskaya, Ekaterina"]
[Result "1/2-1/2"]
[WhiteElo "2319"]
[BlackElo "2458"]
[EventDate "2006.03.11"]
[PlyCount "44"]

1.d4 Nf6 2.Nf3 d5 3.c4 e6 4.Nc3 c5 5.cxd5 Nxd5 6.e4 Nxc3 7.bxc3 cxd4 8.
cxd4 Bb4+ 9.Bd2 Bxd2+ 10.Qxd2 O-O 11.Bc4 Nc6 12.O-O b6 13.Rad1 Bb7 14.h4 
Rc8 15.h5 Qf6 16.h6 Qxh6 17.Qxh6 gxh6 18.Rc1 Rfd8 19.Rfd1 Na5 20.Bd3 Rxc1 
21.Rxc1 Nc6 22.d5 exd5 1/2-1/2

[Event "FIDE World Ch (w)"]
[Site "Ekaterinburg URS"]
[Date "2006.03.14"]
[Round "2.2"]
[White "Ju Wenjun"]
[Black "Dzagnidze, Nana"]
[Result "1/2-1/2"]
[WhiteElo "2290"]
[BlackElo "2452"]
[EventDate "2006.03.11"]
[PlyCount "81"]

1.d4 Nf6 2.Nf3 e6 3.c4 c5 4.Nc3 cxd4 5.Nxd4 Nc6 6.e3 Bb4 7.Qc2 O-O 8.a3 
Bxc3+ 9.Qxc3 Re8 10.b4 e5 11.Nxc6 dxc6 12.Bb2 Bf5 13.Rd1 Qe7 14.Bd3 Bxd3 
15.Rxd3 a5 16.Qb3 Red8 17.Rxd8+ Rxd8 18.O-O Ne4 19.Bc1 axb4 20.axb4 b5 21.
f3 Nd6 22.cxb5 cxb5 23.Qd5 Qe8 24.Rd1 Nb7 25.Qb3 Rxd1+ 26.Qxd1 Qc6 27.h3 
h6 28.Bb2 f6 29.Qd3 Nd6 30.Kh2 e4 31.Qe2 exf3 32.gxf3 Nc4 33.Kg2 Qd6 34.
Bc3 Kf7 35.Be1 Qe5 36.e4 Qg5+ 37.Bg3 Qc1 38.Bf2 Qg5+ 39.Bg3 Qc1 40.Bf2 Qb1
41.Bc5 1/2-1/2

[Event "FIDE World Ch (w)"]
[Site "Ekaterinburg URS"]
[Date "2006.03.14"]
[Round "2.4"]
[White "Ju Wenjun"]
[Black "Dzagnidze, Nana"]
[Result "1/2-1/2"]
[WhiteElo "2290"]
[BlackElo "2452"]
[EventDate "2006.03.11"]
[PlyCount "126"]

1.d4 Nf6 2.Nf3 e6 3.c4 b6 4.g3 Bb7 5.Bg2 Be7 6.O-O d6 7.Nc3 O-O 8.Ne1 d5 
9.b3 Ne4 10.Bb2 Nd7 11.Nxe4 dxe4 12.f3 c5 13.e3 Nf6 14.Qc2 exf3 15.Bxf3 
Qc7 16.Qg2 Rab8 17.Nd3 Nd7 18.Bxb7 Rxb7 19.Qe4 Qc8 20.Rf2 cxd4 21.exd4 b5 
22.Rc1 bxc4 23.Rxc4 Rc7 24.Rxc7 Qxc7 25.d5 e5 26.Kg2 Bd6 27.Qa4 Nb6 28.Qc6
Qb8 29.Re2 Re8 30.a4 e4 31.Nf2 f5 32.Qc3 Qb7 33.Qc6 Qe7 34.a5 Nd7 35.Nd3 
Nb8 36.Qc3 Qf7 37.Nc5 Bxc5 38.Qxc5 Nd7 39.Qd6 g5 40.Bc1 Qg7 41.Bxg5 Qxg5 
42.Qxd7 Re7 43.Qd8+ Kf7 44.d6 f4 45.Qxe7+ Qxe7 46.dxe7 f3+ 47.Kf2 fxe2 48.
Kxe2 Kxe7 49.Ke3 Kd6 50.Kxe4 Kc5 51.Kd3 Kb4 52.Kc2 Kxa5 53.Kc3 Kb5 54.g4 
Kc5 55.h4 Kd5 56.g5 Ke5 57.h5 Kf5 58.g6 hxg6 59.hxg6 Kxg6 60.Kb4 Kf5 61.
Kb5 Ke4 62.Ka6 Kd3 63.Kxa7 Kc3 1/2-1/2

[Event "FIDE World Ch (w)"]
[Site "Ekaterinburg URS"]
[Date "2006.03.14"]
[Round "2.2"]
[White "Zhukova, Natalia"]
[Black "Hou Yifan"]
[Result "0-1"]
[WhiteElo "2432"]
[BlackElo "2269"]
[EventDate "2006.03.11"]
[PlyCount "119"]

1.d4 e6 2.c4 Nf6 3.Nc3 Bb4 4.Qc2 O-O 5.Bg5 d6 6.e3 Nbd7 7.Bd3 h6 8.Bh4 
Bxc3+ 9.Qxc3 b6 10.Ne2 c5 11.O-O Ba6 12.Qa3 Bb7 13.f3 Qe7 14.e4 cxd4 15.
Nxd4 Ne5 16.Rad1 Rfd8 17.Rfe1 Ng6 18.Bf2 Nd7 19.Bf1 Nc5 20.Nb5 a6 21.Nc3 
a5 22.Bg3 Ba6 23.b3 h5 24.h3 Qg5 25.Bh2 Ra7 26.Qb2 Rad7 27.Kh1 Bb7 28.b4 
axb4 29.Qxb4 Qf6 30.Na4 Nxa4 31.Qxa4 d5 32.cxd5 exd5 33.e5 Qe6 34.Qd4 Rc7 
35.Bg1 Rc6 36.Rb1 Ne7 37.Bd3 Ra8 38.Rb2 Ba6 39.Bb1 Bc4 40.Qh4 g6 41.g4 Ra3
42.Kg2 Bd3 43.Bxd3 Rxd3 44.Qf6 d4 45.Qxe6 fxe6 46.Re4 Rc4 47.Rxb6 Rc2+ 48.
Kg3 g5 49.h4 Ng6 50.gxh5 gxh4+ 51.Rxh4 Nxh4 52.Kxh4 Rd1 53.Bxd4 Rxd4+ 54.
Kg5 Rd7 55.Rxe6 Rg2+ 56.Kf5 Rf7+ 57.Ke4 Re2+ 58.Kd3 Rxa2 59.Re8+ Rf8 60.
Kd4 0-1

[Event "FIDE World Ch (w)"]
[Site "Ekaterinburg URS"]
[Date "2006.03.14"]
[Round "2.2"]
[White "Arribas Robaina, Maritza"]
[Black "Khurtsidze, Nino"]
[Result "0-1"]
[WhiteElo "2261"]
[BlackElo "2430"]
[EventDate "2006.03.11"]
[PlyCount "122"]

1.e4 c6 2.d4 d5 3.exd5 cxd5 4.Bd3 Nc6 5.c3 Qc7 6.Ne2 Bg4 7.f3 Bd7 8.Qb3 e5
9.dxe5 Nxe5 10.Bb5 Bd6 11.Be3 Ne7 12.Bxd7+ Qxd7 13.O-O O-O 14.Nd4 Nc4 15.
Bf2 Qc7 16.g3 a6 17.Qc2 Rfe8 18.Nd2 Ng6 19.Nxc4 dxc4 20.f4 Nf8 21.Rfe1 Nd7
22.Rxe8+ Rxe8 23.Re1 Rxe1+ 24.Bxe1 Nc5 25.Bf2 Nd3 26.b4 Qd7 27.Qe2 g6 28.
Nf3 Nxf2 29.Kxf2 b5 30.Qd2 Qc6 31.Qd4 Bc7 32.Ke2 Qe6+ 33.Qe3 Qd7 34.Qe4 
Bb6 35.a3 Kg7 36.Qe5+ f6 37.Qe4 Kf7 38.Ne1 Qe6 39.Kf3 Qxe4+ 40.Kxe4 Ke6 
41.Nc2 f5+ 42.Kf3 Bd8 43.Ne3 Bf6 44.Nd1 g5 45.h3 gxf4 46.gxf4 Kf7 47.Kg3 
Kg6 48.Kf3 Kh5 49.Kg2 Kh4 50.Kh2 Bh8 51.Kg2 Bg7 52.Ne3 Bxc3 53.Nxf5+ Kh5 
54.Ne3 Bd2 55.Nc2 Bxf4 56.Kf3 Bc1 57.Ke4 Kh4 58.Kd5 Kxh3 59.a4 bxa4 60.
Kxc4 h5 61.Nd4 h4 0-1

[Event "FIDE World Ch (w)"]
[Site "Ekaterinburg URS"]
[Date "2006.03.14"]
[Round "2.2"]
[White "Matveeva, Svetlana"]
[Black "Zapata Campos, Karen"]
[Result "1/2-1/2"]
[WhiteElo "2428"]
[BlackElo "2218"]
[EventDate "2006.03.11"]
[PlyCount "254"]

1.d4 Nf6 2.c4 e6 3.Nc3 Bb4 4.Qc2 c5 5.dxc5 Bxc5 6.Nf3 a6 7.e3 Nc6 8.a3 d6 
9.b4 Ba7 10.Bb2 Bd7 11.Rd1 Qe7 12.Ne4 Nxe4 13.Qxe4 O-O 14.Be2 Rac8 15.O-O 
Rfd8 16.Rd2 f5 17.Qb1 g5 18.Rfd1 Be8 19.Ba1 g4 20.Ne1 h5 21.Nd3 e5 22.c5 
Bg6 23.Nf4 exf4 24.Rxd6 Rxd6 25.Rxd6 Kh7 26.Bf6 Qf7 27.Qd1 Rc7 28.exf4 b6 
29.Bxa6 Nb8 30.cxb6 Bxb6 31.Bd8 Rd7 32.Bxb6 Rxd6 33.Qxd6 Nxa6 34.g3 Qe8 
35.Be3 Nb8 36.a4 Bf7 37.a5 Qd7 38.Qxd7 Nxd7 39.a6 Bc4 40.a7 Bd5 41.Kf1 Kg7
42.Ke2 Kf7 43.Kd3 Ke6 44.b5 Kd6 45.Kc3 Kc7 46.Kb4 Nb6 47.Bd4 Kb7 48.Ka5 
Nc4+ 49.Kb4 Nd2 50.Kc5 Be4 51.Kd6 Nf3 52.Bc5 Nxh2 53.Ke6 Nf3 54.Kf6 h4 55.
gxh4 Nxh4 56.b6 Nf3 57.Be3 Ne1 58.Ke5 Ka8 59.Kd6 Ng2 60.Bd2 Kb7 61.Ke6 Nh4
62.Be3 Nf3 63.Kf6 Ne1 64.Kg5 Nd3 65.Bd4 Nb4 66.Kf6 Nd5+ 67.Kg5 Nb4 68.Kf6 
Nc6 69.Be3 Na5 70.Ke6 Nc4 71.Bd4 Na5 72.Kf6 Nc6 73.Bc5 Na5 74.Bd4 Nc4 75.
Ke6 Nd2 76.Kf6 Nf3 77.Be3 Ng1 78.Ke6 Ne2 79.Kf6 Nc3 80.Ke5 Nd5 81.Bc5 Ka8 
82.Bd4 Nb4 83.Kf6 Kb7 84.Kg5 Nc2 85.Bc5 Ne1 86.Be3 Nf3+ 87.Kf6 Nh2 88.Bc5 
Ka8 89.Ke6 Kb7 90.Be3 Bd3 91.Bc5 Nf1 92.Ke5 Nd2 93.Ke6 Ne4 94.Be3 Nc3 95.
Ke5 Be4 96.Bd4 Nd5 97.Bc5 Ka8 98.Bd4 Kb7 99.Bc5 Nc3 100.Bd4 Ne2 101.Be3 g3
102.fxg3 Nxg3 103.Bf2 Ne2 104.Be3 Nc3 105.Bd4 Nd5 106.Bc5 Ka8 107.Bg1 Ne7 
108.Kf6 Nc6 109.Bc5 Kb7 110.Ke6 Na5 111.Bg1 Nc4 112.Kf6 Nb2 113.Kg5 Nd3 
114.Be3 Nb4 115.Bg1 Nd5 116.Bd4 Bd3 117.Bg1 Nc3 118.Bd4 Ne2 119.Be3 Ng3 
120.Kf6 Be4 121.Kg6 Ne2 122.Kg5 Nc3 123.Bd4 Nd5 124.Bg1 Nxb6 125.Bxb6 Kxb6
126.a8=Q Bxa8 127.Kxf5 Bd5 1/2-1/2

[Event "FIDE World Ch (w)"]
[Site "Ekaterinburg URS"]
[Date "2006.03.16"]
[Round "3.3"]
[White "Galliamova, Alisa"]
[Black "Radziewicz, Iweta"]
[Result "1/2-1/2"]
[WhiteElo "2467"]
[BlackElo "2421"]
[EventDate "2006.03.11"]
[PlyCount "136"]

1.d4 Nf6 2.Nf3 c5 3.c3 e6 4.Bf4 Nc6 5.e3 cxd4 6.exd4 Be7 7.Bd3 O-O 8.Qc2 
d6 9.Nbd2 Re8 10.O-O Bf8 11.Rfe1 h6 12.h3 b6 13.b4 Bb7 14.b5 Na5 15.Nb3 
Bxf3 16.Nxa5 bxa5 17.gxf3 Nd5 18.Bg3 Rc8 19.c4 Qf6 20.Qd2 Nb6 21.Rac1 e5 
22.Qxa5 exd4 23.Rxe8 Rxe8 24.Qxa7 Qg5 25.Rc2 Qc5 26.Kg2 Ra8 27.Qb7 Ra3 28.
Qe4 g6 29.Bf4 Nd7 30.Bc1 Nf6 31.Qe2 Ra8 32.Rb2 Re8 33.Qd2 d5 34.Rc2 Ne4 
35.fxe4 dxe4 36.Bxe4 Rxe4 37.Qd3 Qf5 38.Qf3 Qe5 39.c5 f5 40.b6 Bxc5 41.
Rxc5 Qxc5 42.Qb3+ Kg7 43.b7 Qc6 44.Kh2 Qc7+ 45.Kg2 Re8 46.Bb2 Rb8 47.Bxd4+
Kh7 48.Qe6 Qxb7+ 49.Kh2 Rd8 50.Qf6 Qd7 51.Be5 Rg8 52.a4 g5 53.a5 f4 54.a6 
h5 55.Qb6 g4 56.a7 g3+ 57.fxg3 fxg3+ 58.Bxg3 Qd2+ 59.Qf2 Qxf2+ 60.Bxf2 Ra8
61.Kg3 Kg6 62.Kf4 Kf6 63.Bd4+ Ke6 64.Kg5 Kd5 65.Be3 Kc6 66.Kxh5 Kb7 67.h4 
Rh8+ 68.Kg4 Rxh4+ 1/2-1/2

[Event "FIDE World Ch (w)"]
[Site "Ekaterinburg URS"]
[Date "2006.03.15"]
[Round "3.1"]
[White "Kovalevskaya, Ekaterina"]
[Black "Peng, Zhaoqin"]
[Result "1-0"]
[WhiteElo "2458"]
[BlackElo "2407"]
[EventDate "2006.03.11"]
[PlyCount "125"]

1.c4 e6 2.Nf3 d5 3.b3 c5 4.g3 Nc6 5.Bg2 Be7 6.cxd5 exd5 7.Bb2 Bf6 8.Nc3 
Nge7 9.O-O O-O 10.Na4 Bxb2 11.Nxb2 Bg4 12.Nd3 Qd6 13.Rc1 b6 14.Nf4 Rad8 
15.d4 Bxf3 16.dxc5 bxc5 17.Bxf3 Ne5 18.Bg2 d4 19.Nd3 Rc8 20.Nxe5 Qxe5 21.
Qd3 Nc6 22.Bxc6 Rxc6 23.Rc2 Qh5 24.Rfc1 Qh3 25.Qf3 Rh6 26.Qg2 Qe6 27.Rxc5 
Qxe2 28.Rc8 Re6 29.Qd5 Ree8 30.Rxe8 Rxe8 31.Rc7 Rf8 32.Rxa7 d3 33.Rd7 Qxa2
34.Qxd3 g6 35.Qd5 Qa1+ 36.Kg2 Qf6 37.b4 Rc8 38.b5 Rc2 39.Qf3 Qxf3+ 40.Kxf3
Rb2 41.Rb7 Kg7 42.b6 Kf6 43.Ke3 h5 44.h4 Ke6 45.f3 Rb3+ 46.Ke4 Rb4+ 47.Kd3
Rb3+ 48.Kc4 Rxf3 49.Rc7 Rf1 50.b7 Rc1+ 51.Kd4 Rxc7 52.b8=Q Re7 53.Qe5+ Kd7
54.Qf6 Ke8 55.Qh8+ Kd7 56.Qg7 Ke6 57.Qf8 Kf6 58.Qd8 Ke6 59.Ke4 Rd7 60.Qe8+
Kd6 61.Qe5+ Kc6 62.Kf4 Rd6 63.Qe8+ 1-0

[Event "FIDE World Ch (w)"]
[Site "Ekaterinburg URS"]
[Date "2006.03.21"]
[Round "5.2"]
[White "Xu Yuhua"]
[Black "Matveeva, Svetlana"]
[Result "1-0"]
[WhiteElo "2502"]
[BlackElo "2428"]
[EventDate "2006.03.11"]
[PlyCount "131"]

1.e4 e6 2.d4 d5 3.Nc3 Nf6 4.e5 Nfd7 5.f4 c5 6.Be3 cxd4 7.Qxd4 Nc6 8.Qd2 f6
9.exf6 Nxf6 10.Nge2 Bb4 11.O-O-O O-O 12.a3 Ba5 13.Qd3 Bd7 14.h3 a6 15.g4 
b5 16.Bc5 Rf7 17.f5 b4 18.fxe6 Bxe6 19.axb4 Bxb4 20.Nf4 Bxc3 21.Qxc3 Ne4 
22.Nxe6 Qc8 23.Qe3 Qxe6 24.Bg2 Rc8 25.Rhe1 Na5 26.Bxe4 dxe4 27.Qd4 Rfc7 
28.b4 Nb7 29.Rxe4 Qa2 30.Qd5+ Qxd5 31.Rxd5 Nxc5 32.bxc5 Rxc5 33.Rxc5 Rxc5 
34.Kd2 h5 35.Kd3 hxg4 36.hxg4 Kf7 37.c4 a5 38.Kd4 Rc8 39.c5 a4 40.Kd5 Rd8+
41.Kc6 a3 42.Ra4 Rd3 43.Kb7 Rb3+ 44.Kc7 Ke6 45.c6 Rc3 46.Ra6 g5 47.Kd8 
Rd3+ 48.Kc8 Rc3 49.c7+ Ke7 50.Ra5 Kd6 51.Ra6+ Ke7 52.Ra7 Rb3 53.Ra5 Rc3 
54.Rxg5 a2 55.Ra5 Kd6 56.Ra6+ Rc6 57.Rxc6+ Kxc6 58.Kd8 a1=Q 59.c8=Q+ Kd5 
60.Qd7+ Kc5 61.Qe7+ Kd5 62.Qf7+ Kd6 63.Qg6+ Kd5 64.g5 Qe5 65.Kd7 Qa1 66.
Qc6+ 1-0

[Event "FIDE World Ch (w)"]
[Site "Ekaterinburg URS"]
[Date "2006.03.23"]
[Round "6.1"]
[White "Galliamova, Alisa"]
[Black "Xu Yuhua"]
[Result "0-1"]
[WhiteElo "2467"]
[BlackElo "2502"]
[EventDate "2006.03.11"]
[PlyCount "128"]

1.e4 e6 2.d4 d5 3.Nc3 Nf6 4.Bg5 dxe4 5.Nxe4 Nbd7 6.Nxf6+ Nxf6 7.Nf3 h6 8.
Be3 Nd5 9.Qd2 Bd6 10.O-O-O Qe7 11.Ne5 Bd7 12.f4 Bxe5 13.dxe5 Nxe3 14.Qxe3 
Bc6 15.Be2 O-O 16.Bf3 Bxf3 17.Qxf3 b6 18.Rd3 Rad8 19.Rhd1 Rxd3 20.Rxd3 Rd8
21.g3 a5 22.b3 g6 23.g4 Rxd3 24.Qxd3 Qh4 25.h3 Kg7 26.Kb2 Qf2 27.Qc4 c5 
28.Qe4 b5 29.a4 b4 30.Qc4 h5 31.Qb5 Qd4+ 32.Kb1 Qxf4 33.Qxc5 hxg4 34.hxg4 
Qxg4 35.Qxa5 Qd1+ 36.Kb2 Qd4+ 37.Ka2 Qc3 38.Kb1 g5 39.Qd8 Qxe5 40.a5 g4 
41.a6 g3 42.Qd2 Kg6 43.a7 Qe4 44.Qd8 g2 45.Qg8+ Kf6 46.a8=Q Qxa8 47.Qxa8 
g1=Q+ 48.Ka2 Qg4 49.Qd8+ Kg7 50.Qd3 e5 51.c4 Qg2+ 52.Ka1 Qg1+ 53.Ka2 Qf2+ 
54.Kb1 Qe1+ 55.Ka2 e4 56.Qd4+ Kg6 57.c5 Qe2+ 58.Kb1 e3 59.Qd6+ f6 60.c6 
Qe1+ 61.Kc2 Qf2+ 62.Kc1 e2 63.Qd3+ f5 64.Qd6+ Kh5 0-1

[Event "FIDE World Ch (w)"]
[Site "Ekaterinburg URS"]
[Date "2006.03.25"]
[Round "6.3"]
[White "Galliamova, Alisa"]
[Black "Xu Yuhua"]
[Result "0-1"]
[WhiteElo "2467"]
[BlackElo "2502"]
[EventDate "2006.03.11"]
[PlyCount "116"]

1.d4 e6 2.Nf3 Nf6 3.c4 b6 4.Nc3 Bb4 5.Qc2 Bb7 6.Bg5 h6 7.Bh4 c5 8.a3 Bxc3+
9.Qxc3 cxd4 10.Nxd4 Ne4 11.Bxd8 Nxc3 12.Bc7 Na6 13.Bf4 Ne4 14.Nb5 g5 15.
Be3 Ke7 16.Rd1 d5 17.f3 Nf6 18.Bd4 Rhd8 19.e3 Rd7 20.h4 Nc7 21.hxg5 hxg5 
22.c5 a6 23.Nxc7 Rxc7 24.cxb6 Rc6 25.a4 Nd7 26.a5 Nc5 27.Bc3 Na4 28.Bb4+ 
Kf6 29.b3 Nc5 30.Rb1 Nd7 31.Be2 Rc2 32.Rh6+ Kg7 33.Rh5 Kf6 34.g3 Rac8 35.
f4 gxf4 36.gxf4 Ra2 37.Rd1 Nc5 38.Bc3+ Ke7 39.f5 Ne4 40.Bb4+ Kf6 41.Bd3 
Rg8 42.Rh6+ Ke5 43.Rh1 Rg3 44.Bxe4 Rxe3+ 45.Kf1 dxe4 46.fxe6 Kxe6 47.Rh6+ 
Kf5 48.Rd7 Rf3+ 49.Ke1 Rxb3 50.Bd2 e3 51.Bc1 Rb1 52.Rc7 Bf3 53.Rhc6 Bxc6 
54.Rxc6 Raa1 55.Ke2 Rxa5 56.Bxe3 Rb2+ 57.Kf3 Rb3 58.Rc7 Re5 0-1